000 00311nam a22001337a 4500
008 170324b xxu||||| |||| 00| 0 eng d
020 _a0721621147
041 _aeng
080 _24 ED
_a611
100 _a6
101 _aSHM
245 _aHUMAN PHYSIOLOGY AND MECHANISM OF DISEASE
_cGUYTON.A.C
942 _2udc
_cBK
999 _c8644
_d8644